000 01188cab a2200277 4500
001 ABS51784
008 090401t1994 xxu||||| |||| 00| 0 eng d
035 _a(Sirsi) u43914
041 _aeng
245 _aViscount Chelsea and another v Hutchinson
260 _c1994
350 _a0
490 _aEstates Gazette
_v(1994) 43 EG 153-154(2)
520 _aCA 10 June 1994. On 22 February 1989 V issued a writ claiming forfeiture of a headlease, for 64 years from 24 June 1980, held by H of a house in Chelsea, for breach of covenant. Four flats in the house were subject to underleases granted in excess of sixty years at ground rents. Judgment to V ordering payment of mesne profits, assessed by reference to the letting value of the house. H appealed, contending house was sublet as flats on long leases. Appeal dismissed.
650 _aBREACH OF COVENANT
650 _aFORFEITURE
650 _aGROUND RENTS
650 _aHEADLEASES
650 _aLEASES
650 _aMESNE PROFITS
650 _aUNDERLEASES
650 _aVISCOUNT CHELSEA AND ANOTHER V HUTCHINSON
690 _aLANDLORD AND TENANT-CASE LAW-RESIDENTIAL TENANCIES
942 _n0
948 _c04/03/1997
999 _c27991
_d27991